00722nam a2200169 i 4500001000300000245016500003260002900168300003500197650008400232710004500316020001500361040000800376041000800384080002100392008004100413856009800454bg00aTraktat o przystąpieniu Rzeczypospolitej Polskiej do Unii Europejskiej :bpodpisany 16 kwietnia 2003 r. w Atenach /cUrząd Komitetu Integracji Europejskiej. aWarszawa :bUKIE,c2003. a79, [1] s. ;c21 cm +eCD ROM. 9aTraktat o przystąpieniu Rzeczypospolitej Polskiej do Unii Europejskiej (2003) 0aUrząd Komitetu Integracji Europejskiej a8389218136 cBPK0 apol a341.24(438:4-67) s pl f |000 0 pol  uhttp://koha.tu.koszalin.pl/cgi-bin/koha/opac-detail.pl?biblionumber=43864yKatalog online BPK